000 00265nam a22001217a 4500
008 170623b xxu||||| |||| 00| 0 eng d
041 _aeng
080 _a93
100 _a21
101 _aSHH
245 _aRADICAL HISTORY REVIEW
_cINTERVIEW, G.E
942 _2udc
_cBK
999 _c19039
_d19039